Statistics for Fifa 22 Top 100 Serie A Players

Click here to take the quiz!

General Stats

  • This quiz has been taken 208 times
  • The average score is 61 of 100

Answer Stats

RatingClubNationPlayer% Correct
87Piemonte CalcioArgentinaPaulo Dybala
100%
87LatiumItalyCiro Immobile
97%
85Inter MilanArgentinaLautaro Martinez
95%
85Piemonte CalcioItalyLeonardo Bonucci
94%
86NapoliItalyLorenzo Insigne
94%
85Piemonte CalcioNetherlandsMatthijs De Ligt
94%
86Inter MilanSloveniaSamir Handanovic
94%
86Piemonte CalcioItalyGiorgio Chiellini
93%
86NapoliSenegalKalidou Koulibaly
93%
86Inter MilanSlovakiaMilan Skriniar
92%
85Inter MilanNetherlandsStefan De Vrij
92%
84AC MilanSwedenZlatan Ibrahimovic
92%
84NapoliBelgiumDries Mertens
90%
83Inter MilanBosnia-HerzegovinaEdin Dzeko
90%
85LatiumSerbiaSergej Milinkovic-Savic
90%
83Piemonte CalcioColombiaJuan Cuadrado
88%
84AC MilanIvory CoastFranck Kessie
87%
84Inter MilanItalyNicolo Barella
86%
83Bergamo CalcioGermanyRobin Gosens
86%
84AC MilanFranceTheo Hernandez
86%
84Bergamo CalcioSloveniaJosip Ilicic
85%
84AC MilanFranceMike Maignan
85%
87Piemonte CalcioPolandWojciech Szczesny
85%
83Piemonte CalcioBrazilAlex Sandro
84%
83Bergamo CalcioColombiaDuvan Zapata
84%
84Inter MilanCroatiaMarcelo Brozovic
83%
83AC MilanDenmarkSimon Kjaer
83%
83Piemonte CalcioSpainAlvaro Morata
80%
82Inter MilanTurkeyHakan Calhanoglu
79%
83Roma FCArmeniaHenrikh Mkhitaryan
78%
84LatiumSpainLuis Alberto
78%
83NapoliGreeceKostas Manolas
77%
82Bergamo CalcioColombiaLuis Muriel
77%
82SassuoloItalyDomenico Berardi
76%
81Inter MilanChileArturo Vidal
74%
82Inter MilanDenmarkChristian Eriksen
74%
81Piemonte CalcioFranceAdrien Rabiot
73%
82NapoliSpainFabian
72%
81Inter MilanCroatiaIvan Perisic
72%
82AC MilanCroatiaAnte Rebic
71%
83Piemonte CalcioItalyFederico Chiesa
71%
81TorinoItalyAndrea Belotti
70%
81Piemonte CalcioSwedenDejan Kulusevski
70%
79AC MilanFranceOlivier Giroud
70%
82Roma FCPortugalRui Patricio
70%
83Piemonte CalcioBrazilArthur
69%
80Inter MilanChileAlexis Sanchez
67%
81NapoliMexicoHirving Lozano
67%
79AC MilanEnglandFikayo Tomori
66%
80Piemonte CalcioWalesAaron Ramsey
65%
82Inter MilanNetherlandsDenzel Dumfries
65%
81NapoliPolandPiotr Zielinski
65%
81Piemonte CalcioBrazilDanilo
64%
82Bergamo CalcioNetherlandsMarten De Roon
64%
83LatiumItalyFrancesco Acerbi
60%
81Roma FCItalyLorenzo Pellegrini
60%
80AC MilanAlgeriaIsmael Bennacer
58%
80NapoliNigeriaVictor Osimhen
57%
80Inter MilanItalyAlessandro Bastoni
56%
80CagliariBrazilJoao Pedro
56%
82Piemonte CalcioItalyManuel Locatelli
56%
82AC MilanItalyAlessio Romagnoli
55%
83Roma FCItalyLeonardo Spinazzola
54%
81Roma FCFranceJordan Veretout
52%
81BolognaAustriaMarko Arnautovic
51%
81Inter MilanArgentinaJoaquin Correa
50%
80Bergamo CalcioNetherlandsHans Hateboer
48%
80NapoliItalyGiovanni Di Lorenzo
46%
80Bergamo CalcioSwitzerlandRemo Freuler
46%
80CagliariUruguayDiego Godin
44%
81NapoliItalyMatteo Politano
44%
80LatiumAlbaniaThomas Strakosha
44%
81Bergamo CalcioUkraineRuslan Malinovskyi
42%
80Roma FCItalyGianluca Mancini
41%
82GenoaItalySalvatore Sirigu
40%
80FiorentinaSpainJose Callejon
39%
80NapoliGermanyDiego Demme
38%
79NapoliColombiaDavid Ospina
37%
81CagliariItalyAlessio Cragno
36%
81Bergamo CalcioArgentinaJuan Musso
36%
80Piemonte CalcioItalyMattia Perin
36%
80Bergamo CalcioItalyRafael Toloi
36%
81SassuoloItalyAndrea Consigli
35%
79Piemonte CalcioItalyFederico Bernardeschi
35%
79LatiumMontenegroAdam Marusic
34%
81AC MilanItalyAlessandro Florenzi
34%
81LatiumBrazilLucas Leiva
33%
80FiorentinaUruguayLucas Torreira
31%
81LatiumItalyManuel Lazzari
31%
79Bergamo CalcioAlbaniaBerat Djimsiti
30%
80UdineseArgentinaRoberto Pereyra
29%
79Bergamo CalcioNetherlandsTeun Koopmeiners
24%
79Roma FCItalyStephan El Shaarawy
21%
80Inter MilanItalyStefano Sensi
20%
79Inter MilanItalyDanilo D'Ambrosio
19%
79AC MilanFranceTiemoue Bakayoko
19%
79FiorentinaSpainAlvaro Odriozola
14%
79Bergamo CalcioItalyDavide Zappacosta
14%
79TorinoItalyArmando Izzo
11%
79UdineseItalyMarco Silvestri
10%

Score Distribution

Percentile by Number Answered

Percent of People with Each Score

Your Score History

You have not taken this quiz